Educacin̤ agrc̕ola superior cambio de p̌oca /

Detalles Bibliográficos
Autor principal: Ramr̕ez, Liberio Victorino
Otros Autores: Da̕z Sǹchez, Salvador
Formato: eBook
Lenguaje:español
Publicado: Ciudad de Mx̌ico: Cm̀ara de Diputados, 2014
Materias:
Acceso en línea:Acceso restringido

MARC

LEADER 00000nam a22000007a 4500
005 20170827214329.0
007 cr|||| ||||
008 170827s2014 mx |||||s||||f00||0 spa d
020 |a 978-607-9423-54-4 
035 |a 20445 
040 |a vLex 
090 |c 6851  |d 6851 
100 1 |a Ramr̕ez, Liberio Victorino 
245 1 0 |a Educacin̤ agrc̕ola superior  |h [Recurso electrn̤ico] :  |b cambio de p̌oca /  |c Liberio Victorino Ramr̕ez, Salvador Da̕z Sǹchez 
256 |a Servicio en ln̕ea 
260 |a Ciudad de Mx̌ico:  |b Cm̀ara de Diputados,  |c 2014 
300 |a 1 recurso electrn̤ico 
500 |a En este libro se concentran artc̕ulos de diversos expertos acerca de la Educacin̤ Agrc̕ola Superior y sus procesos institucionales. Nos llevan en un viaje que muestra la manera en la que se ha abordado la educacin̤, transitando desde el siglo XVI hasta el XXI, enfatizando particularmente las etapas anteriores y posteriores a la Revolucin̤ Mexicana. As,̕ describen la influencia de las polt̕icas y acciones establecidas en torno a la educacin̤, desde el Mx̌ico Independiente hasta nuestros da̕s, llegando a perspectivas y recomendaciones a 2030, con el objetivo de redefinir el papel de las universidades pb︢licas agropecuarias. A travš de un anl̀isis profundo de la Universidad Autn̤oma Chapingo como ejemplo, exponen cm̤o el gobierno, las polt̕icas, las corrientes filosf̤icas, los organismos internacionales y la tecnologa̕, contribuyen a los mťodos de enseąnza. De tal forma, este recorrido nos permite entender la travesa̕ de la sociedad en relacin̤ con la educacin̤ agrc̕ola y la evolucin̤ de este campo de conocimiento y las subr̀eas que las conforman. 
506 1 |a Disponible solo en los productos indicados  |d vLex Global  |d vLex Global (Academic Edition, excluding Law Schools)  |d vLex Global (U.S. Academic Edition, Law Schools)  |d vLex Global (U.S. Academic Edition, excluding Law Schools)  |d vLex Global (Academic Edition, Law Schools) 
650 0 4 |a Derecho Mercantil y de la Empresa  |z Mx̌ico 
650 0 4 |a Derecho Pb︢lico y Administrativo  |z Mx̌ico 
700 1 |a Da̕z Sǹchez, Salvador 
740 0 |a vLex Libros (Servicio en ln̕ea) 
856 4 0 |u http://vlex.com/source/educacion-agricola-superior-cambio-de-epoca-20445  |z Acceso restringido 
942 |c BOOK 
999 0 |a Commercial and Company Law 
999 0 |a Public and Administrative Law